[Event "First Saturday 2010 junius IM-A"]
[Site "Budapest"]
[Date "2010.06.05"]
[Round "1"]
[White "Lengyel, Bela"]
[Black "Tavoularis, Nicholas"]
[Result "1-0"]
[WhiteElo "2266"]
[BlackElo "2130"]
[PlyCount "47"]
[EventDate "2010.06.05"]

1. e4 c5 2. Nf3 d6 3. d4 cxd4 4. Nxd4 Nf6 5. Nc3 g6 6. Be2 Bg7 7. O-O O-O 8.
Kh1 Nc6 9. Nb3 a6 10. Be3 b5 11. a4 b4 12. Nd5 Nxe4 13. Bf3 f5 14. Nb6 Be6 15.
Nxa8 Qxa8 16. Nd4 Bd5 17. a5 Rc8 18. Nxf5 e6 19. Nxg7 Kxg7 20. Bxe4 Bxe4 21.
Qxd6 Rd8 22. Qc7+ Kf6 23. f3 Bd5 24. h4 1-0

[Event "First Saturday 2010 junius IM-A"]
[Site "Budapest"]
[Date "2010.06.05"]
[Round "1"]
[White "Brustkern, Juergen"]
[Black "Iwamoto, Takashi"]
[Result "0-1"]
[WhiteElo "2256"]
[BlackElo "2268"]
[PlyCount "94"]
[EventDate "2010.06.05"]

1. d4 d5 2. c4 dxc4 3. Nf3 a6 4. a4 Nc6 5. e3 e5 6. Bxc4 e4 7. Nfd2 Qg5 8. g3
Nf6 9. Nc3 Qg6 10. Nd5 Nxd5 11. Bxd5 f5 12. Nc4 Bd6 13. Qb3 Nd8 14. Bd2 Be6 15.
Nxd6+ cxd6 16. Bb4 Bxd5 17. Qxd5 Kd7 18. Qb3 Ne6 19. Ba3 Rab8 20. Rc1 Rhc8 21.
O-O Nd8 22. d5 Rxc1 23. Rxc1 Rc8 24. Rf1 Qf7 25. f3 exf3 26. Rxf3 Qh5 27. Kg2
Rc7 28. Qd3 g6 29. Rf4 Qg5 30. h4 Qh5 31. e4 Nf7 32. exf5 Ne5 33. Qe4 Rc4 34.
Qe3 Rc2+ 35. Rf2 Qxf5 36. Rxc2 Qxc2+ 37. Kh3 Qd1 38. Qe4 Qf1+ 39. Qg2 Qf5+ 40.
g4 Qd3+ 41. Qg3 Qxd5 42. Qe3 Qd3 43. Qxd3 Nxd3 44. Kg3 b5 45. axb5 axb5 46. b4
Ke6 47. Kf3 Kd5 0-1

[Event "First Saturday 2010 junius IM-A"]
[Site "Budapest"]
[Date "2010.06.05"]
[Round "1"]
[White "Njili, Kamel"]
[Black "Antipov, Mikhail A"]
[Result "1-0"]
[WhiteElo "2247"]
[BlackElo "2237"]
[PlyCount "73"]
[EventDate "2010.06.05"]

1. e4 c5 2. Nf3 d6 3. d4 cxd4 4. Nxd4 Nf6 5. Nc3 a6 6. g3 b5 7. Bg2 e5 8. Nf5
b4 9. Nd5 Nxd5 10. Qxd5 Ra7 11. Be3 Be6 12. Qd2 Rd7 13. Qxb4 d5 14. Bc5 Nc6 15.
Qc3 d4 16. Qa3 f6 17. Bxf8 Rxf8 18. Qxa6 Qc7 19. O-O g6 20. Nh4 Kf7 21. a3 Na5
22. b3 Rd6 23. Qd3 Rc6 24. f4 Rc3 25. Qd1 Rxc2 26. fxe5 Kg8 27. b4 Nb3 28. Rb1
fxe5 29. Rxf8+ Kxf8 30. Qf3+ Kg7 31. Rf1 Qe7 32. Nf5+ gxf5 33. exf5 Bxf5 34.
Qxf5 Rc7 35. Bd5 Nd2 36. Qg4+ Kh6 37. Rf5 1-0

[Event "First Saturday 2010 junius IM-A"]
[Site "Budapest"]
[Date "2010.06.05"]
[Round "1"]
[White "Kahn, Evart dr"]
[Black "Szalanczy, Emil"]
[Result "1/2-1/2"]
[WhiteElo "2247"]
[BlackElo "2277"]
[PlyCount "29"]
[EventDate "2010.06.05"]

1. d4 Nf6 2. c4 c5 3. d5 e6 4. Nc3 exd5 5. cxd5 d6 6. e4 g6 7. f4 Bg7 8. Nf3
O-O 9. Be2 Bg4 10. O-O Re8 11. h3 Bxf3 12. Bxf3 Nbd7 13. a4 a6 14. Kh1 Qa5 15.
Re1 1/2-1/2

[Event "First Saturday 2010 junius IM-A"]
[Site "Budapest"]
[Date "2010.06.05"]
[Round "1"]
[White "Gretarsson, Hjorvar S"]
[Black "Kett, Tim"]
[Result "1-0"]
[WhiteElo "2394"]
[BlackElo "2223"]
[PlyCount "57"]
[EventDate "2010.06.05"]

1. d4 Nf6 2. c4 e6 3. Nf3 Bb4+ 4. Bd2 c5 5. Bxb4 cxb4 6. Nbd2 O-O 7. e3 d6 8.
Bd3 Nc6 9. O-O e5 10. Qc2 Bg4 11. Rfd1 Qe7 12. d5 Nb8 13. Be2 Nbd7 14. a3 bxa3
15. Rxa3 a5 16. Rda1 e4 17. Nd4 Bxe2 18. Nxe2 Nc5 19. Ng3 Rae8 20. Rxa5 Ng4 21.
h3 Nxf2 22. Kxf2 Qh4 23. Ndf1 f5 24. Kg1 g5 25. Rxc5 dxc5 26. d6 Rd8 27. Qd2 f4
28. Qd5+ Kh8 29. Nf5 1-0

[Event "First Saturday 2010 junius IM-A"]
[Site "Budapest"]
[Date "2010.06.06"]
[Round "2"]
[White "Szalanczy, Emil"]
[Black "Gretarsson, Hjorvar S"]
[Result "0-1"]
[WhiteElo "2277"]
[BlackElo "2394"]
[PlyCount "74"]
[EventDate "2010.06.05"]

1. e4 c5 2. Nf3 d6 3. d4 cxd4 4. Nxd4 Nf6 5. Nc3 a6 6. Be3 e5 7. Nde2 Be6 8. f4
g6 9. Qd2 Nc6 10. Rd1 h5 11. h3 h4 12. Bf2 Rc8 13. Qe3 Qa5 14. a3 Be7 15. Rd2
Kf8 16. Kd1 Bc4 17. fxe5 Nxe5 18. Qb6 Qxb6 19. Bxb6 Bxe2+ 20. Bxe2 Rxc3 21.
bxc3 Nxe4 22. Be3 Kg7 23. c4 Rc8 24. Rd4 Nc3+ 25. Kd2 Nxe2 26. Kxe2 Nxc4 27. a4
Bf6 28. Rd5 Re8 29. Kd3 Nxe3 30. Rxd6 Nf5 31. Rd7 Re3+ 32. Kc4 Rc3+ 33. Kd5 b5
34. a5 Ne3+ 35. Ke4 Nc4 36. Rf1 Re3+ 37. Kf4 Kh6 0-1

[Event "First Saturday 2010 junius IM-A"]
[Site "Budapest"]
[Date "2010.06.06"]
[Round "2"]
[White "Antipov, Mikhail A"]
[Black "Kahn, Evart dr"]
[Result "0-1"]
[WhiteElo "2237"]
[BlackElo "2247"]
[PlyCount "84"]
[EventDate "2010.06.05"]

1. e4 c5 2. Nf3 d6 3. d4 cxd4 4. Nxd4 Nf6 5. Nc3 g6 6. Be3 Bg7 7. f3 O-O 8. Qd2
Nc6 9. Bc4 Bd7 10. Bb3 a5 11. a4 Nxd4 12. Bxd4 Be6 13. Bxe6 fxe6 14. h4 Rc8 15.
Nb5 d5 16. e5 Nd7 17. f4 h6 18. g3 Qe8 19. O-O-O Qf7 20. Rdf1 Nxe5 21. Bxe5
Bxe5 22. Qxa5 Bg7 23. Qb4 Rc4 24. Qb3 Ra8 25. c3 Rcxa4 26. Na3 Qf5 27. Re1 Qd3
28. Qc2 Qxg3 29. Rxe6 Rxa3 30. bxa3 Rxa3 31. Rxg6 Qxf4+ 32. Kb1 Qc4 33. Rb6
Rxc3 34. Qg6 Rb3+ 35. Rxb3 Qxb3+ 36. Kc1 Qb2+ 37. Kd1 Qa1+ 38. Ke2 Qxh1 39.
Qe8+ Kh7 40. h5 Qe4+ 41. Kd2 d4 42. Qf7 d3 0-1

[Event "First Saturday 2010 junius IM-A"]
[Site "Budapest"]
[Date "2010.06.06"]
[Round "2"]
[White "Iwamoto, Takashi"]
[Black "Njili, Kamel"]
[Result "1/2-1/2"]
[WhiteElo "2268"]
[BlackElo "2247"]
[PlyCount "73"]
[EventDate "2010.06.05"]

1. Nf3 b5 2. e4 a6 3. d4 Bb7 4. Bd3 Nf6 5. Nbd2 e6 6. O-O c5 7. dxc5 Bxc5 8. e5
Nd5 9. Ne4 Be7 10. c3 Nc6 11. a4 bxa4 12. Rxa4 Qc7 13. Nd6+ Bxd6 14. exd6 Qxd6
15. Be4 f5 16. Bxf5 exf5 17. Re1+ Nce7 18. c4 O-O 19. cxd5 Nxd5 20. Qd3 Rac8
21. Rh4 Qc6 22. Bd2 Qc2 23. Qd4 Rfe8 24. Rxe8+ Rxe8 25. h3 Re4 26. Rxe4 Qxe4
27. Qa7 Ne7 28. Qb8+ Nc8 29. Bc3 d6 30. Qc7 Qe7 31. Qc4+ Qf7 32. Qd3 h6 33. Nh4
f4 34. Qd4 Qf6 35. Qc4+ Qf7 36. Qd4 Qf6 37. Qc4+ 1/2-1/2

[Event "First Saturday 2010 junius IM-A"]
[Site "Budapest"]
[Date "2010.06.06"]
[Round "2"]
[White "Szeberenyi, Adam"]
[Black "Brustkern, Juergen"]
[Result "1-0"]
[WhiteElo "2308"]
[BlackElo "2256"]
[PlyCount "57"]
[EventDate "2010.06.05"]

1. d4 Nf6 2. c4 c5 3. d5 e5 4. Nc3 d6 5. e4 Be7 6. Be2 O-O 7. Nf3 Nbd7 8. O-O
Ne8 9. Re1 g6 10. Nd2 Bg5 11. Nf1 f5 12. exf5 gxf5 13. Ng3 Kh8 14. f4 Bh4 15.
Rf1 e4 16. Nh1 Rg8 17. Be3 Qe7 18. g3 a6 19. Rf2 Bf6 20. Qd2 Rb8 21. a4 b6 22.
Rg2 Bg7 23. Nf2 Ndf6 24. Kh1 Bf8 25. Rag1 Rb7 26. h3 h5 27. g4 h4 28. g5 Qg7
29. gxf6 1-0

[Event "First Saturday 2010 junius IM-A"]
[Site "Budapest"]
[Date "2010.06.06"]
[Round "2"]
[White "Lengyel, Bela"]
[Black "Rooze, Jan"]
[Result "1-0"]
[WhiteElo "2266"]
[BlackElo "2338"]
[PlyCount "55"]
[EventDate "2010.06.05"]

1. e4 c5 2. Nf3 e6 3. d4 cxd4 4. Nxd4 a6 5. Nc3 Qc7 6. Bd3 Nf6 7. Qe2 Bc5 8.
Nb3 Bd6 9. g3 Nc6 10. f4 Bb4 11. Bd2 d6 12. g4 b5 13. g5 Nd7 14. a3 Bxc3 15.
Bxc3 e5 16. f5 Nb6 17. O-O-O Na4 18. Bb4 Bd7 19. Qh5 a5 20. Bxd6 Qxd6 21. Bxb5
Nd4 22. Nxd4 exd4 23. e5 Qb6 24. Bxd7+ Kxd7 25. Qxf7+ Kc6 26. Qc4+ Nc5 27. Rxd4
Rhd8 28. Rhd1 1-0

[Event "First Saturday 2010 junius IM-A"]
[Site "Budapest"]
[Date "2010.06.07"]
[Round "3"]
[White "Brustkern, Juergen"]
[Black "Lengyel, Bela"]
[Result "1/2-1/2"]
[WhiteElo "2256"]
[BlackElo "2266"]
[PlyCount "130"]
[EventDate "2010.06.05"]

1. d4 Nf6 2. c4 e6 3. Nc3 Bb4 4. f3 d5 5. a3 Bxc3+ 6. bxc3 c5 7. cxd5 Nxd5 8.
dxc5 Qa5 9. e4 Ne7 10. Be3 O-O 11. Qb3 Nec6 12. Bb5 Bd7 13. Ne2 Ne5 14. a4 a6
15. Bxd7 Nbxd7 16. O-O Nxc5 17. Qb4 Qxb4 18. cxb4 Ncd7 19. Rfd1 Nf6 20. Rac1
Rfc8 21. Bc5 h6 22. Nd4 g5 23. Nb3 Nh5 24. Bd4 Nc6 25. Bc5 Nf4 26. Rd2 Ne5 27.
Rcd1 b6 28. Bxb6 Nc4 29. Rd8+ Kh7 30. Rxc8 Rxc8 31. Bc5 Nb2 32. Rd6 Nxa4 33.
Rxa6 Nc3 34. Ra7 Kg6 35. g3 Nd3 36. Ra1 g4 37. fxg4 Nxe4 38. Rd1 Ne5 39. h3 Ra8
40. Ra1 Rd8 41. Rb1 Rd3 42. Bf2 Nc3 43. Rb2 Nc4 44. Rc2 Nd5 45. Nc5 Rd1+ 46.
Kh2 Nd2 47. Rb2 Nc4 48. Rc2 Na3 49. Ra2 Nb5 50. Ne4 Rb1 51. Bc5 Nbc3 52. Nxc3
Nxc3 53. Rf2 Nd5 54. h4 Nxb4 55. h5+ Kg7 56. Bd4+ Kg8 57. Be3 Nd3 58. Rd2 Ne5
59. Kh3 Nc4 60. Rd8+ Kg7 61. Bc5 Rb5 62. Bf8+ Kh7 63. Be7 Kg7 64. Bf8+ Kh7 65.
Be7 Kg7 1/2-1/2

[Event "First Saturday 2010 junius IM-A"]
[Site "Budapest"]
[Date "2010.06.07"]
[Round "3"]
[White "Njili, Kamel"]
[Black "Szeberenyi, Adam"]
[Result "1/2-1/2"]
[WhiteElo "2247"]
[BlackElo "2308"]
[PlyCount "67"]
[EventDate "2010.06.05"]

1. e4 c5 2. Nf3 d6 3. d4 cxd4 4. Nxd4 Nf6 5. Nc3 a6 6. Bc4 e6 7. Bb3 b5 8. Qf3
Qb6 9. Be3 Qb7 10. O-O-O b4 11. Na4 Nbd7 12. Rhe1 Be7 13. Qg3 O-O 14. Bd5 Nxd5
15. exd5 Ne5 16. Nb6 Rb8 17. dxe6 fxe6 18. Nxc8 Qxc8 19. Qh3 Rf6 20. Bg5 Rf7
21. Bxe7 Rxe7 22. f4 Ng6 23. Qb3 a5 24. Nxe6 a4 25. Qd5 b3 26. axb3 axb3 27. c3
Kh8 28. f5 Qa6 29. Qd3 Qa1+ 30. Qb1 Qa4 31. Rd4 Qa6 32. Qd3 Qa1+ 33. Qb1 Qa6
34. Qd3 1/2-1/2

[Event "First Saturday 2010 junius IM-A"]
[Site "Budapest"]
[Date "2010.06.07"]
[Round "3"]
[White "Kahn, Evart dr"]
[Black "Iwamoto, Takashi"]
[Result "0-1"]
[WhiteElo "2247"]
[BlackElo "2268"]
[PlyCount "48"]
[EventDate "2010.06.05"]

1. d4 d5 2. Nf3 Nf6 3. Bf4 c5 4. c3 Nc6 5. dxc5 e6 6. b4 a5 7. Qb3 axb4 8. cxb4
Ne4 9. Nc3 Qf6 10. Bd2 Nxb4 11. Qxb4 Bxc5 12. Qb2 Bxf2+ 13. Kd1 Bc5 14. e3 O-O
15. Bb5 Bxe3 16. Bxe3 Nxc3+ 17. Kc2 Nxb5 18. Qxb5 e5 19. Kb2 d4 20. Bg5 Qd6 21.
a3 Be6 22. Qxe5 Qb6+ 23. Kc1 Qc6+ 24. Kd1 Qa4+ 0-1

[Event "First Saturday 2010 junius IM-A"]
[Site "Budapest"]
[Date "2010.06.07"]
[Round "3"]
[White "Gretarsson, Hjorvar S"]
[Black "Antipov, Mikhail A"]
[Result "1-0"]
[WhiteElo "2394"]
[BlackElo "2237"]
[PlyCount "107"]
[EventDate "2010.06.05"]

1. d4 d5 2. c4 c6 3. Nf3 Nf6 4. e3 Bf5 5. Nc3 e6 6. Nh4 Be4 7. f3 Bg6 8. Qb3
Qb6 9. Nxg6 hxg6 10. Bd2 Bd6 11. f4 Nbd7 12. c5 Qxb3 13. axb3 Bc7 14. b4 a6 15.
b5 cxb5 16. Nxb5 Kd8 17. Bd3 Ne4 18. Ke2 Nxd2 19. Kxd2 Nb8 20. Kc3 Nc6 21. b4
Kd7 22. Na3 f5 23. h3 g5 24. fxg5 Rh5 25. g6 Bg3 26. Nc2 Rb8 27. b5 axb5 28.
Bxb5 Kc7 29. Rhb1 Ne7 30. Bd3 Rg5 31. Nb4 Rxg6 32. Ra7 Kc8 33. Ba6 bxa6 34.
Rxe7 a5 35. Re8+ Kd7 36. Rxb8 Bxb8 37. Nxd5 exd5 38. Rxb8 Rxg2 39. Rb6 a4 40.
Rd6+ Kc7 41. Rxd5 a3 42. Rxf5 a2 43. Rf7+ Kc6 44. Ra7 Kb5 45. Kd3 Rh2 46. Ke4
Rg2 47. h4 Rf2 48. Ke5 Rg2 49. h5 Re2 50. e4 Rf2 51. Kd5 Rf8 52. Rxa2 Rd8+ 53.
Ke5 Kc4 54. Ra6 1-0

[Event "First Saturday 2010 junius IM-A"]
[Site "Budapest"]
[Date "2010.06.07"]
[Round "3"]
[White "Kett, Tim"]
[Black "Szalanczy, Emil"]
[Result "1-0"]
[WhiteElo "2223"]
[BlackElo "2277"]
[PlyCount "113"]
[EventDate "2010.06.05"]

1. e4 c5 2. Nf3 d6 3. d4 cxd4 4. Nxd4 Nf6 5. Nc3 g6 6. Be3 Bg7 7. f3 Nc6 8. Qd2
O-O 9. Bc4 Bd7 10. O-O-O Rc8 11. Bb3 Ne5 12. Kb1 Nc4 13. Bxc4 Rxc4 14. g4 Qb8
15. h4 h5 16. g5 Ne8 17. b3 Rc5 18. Nde2 b6 19. Nd5 Qd8 20. Bxc5 bxc5 21. c4 e6
22. Ne3 Bc6 23. Rhf1 a5 24. a4 f6 25. Nf4 Bd7 26. Nxg6 Rf7 27. Nf4 fxg5 28.
Nxh5 gxh4 29. Nxg7 Rxg7 30. Rg1 Qf6 31. Rxg7+ Kxg7 32. Rg1+ Kf7 33. Ka2 Qf4 34.
Rg4 Qxf3 35. Rxh4 Nf6 36. e5 dxe5 37. Ng4 Nxg4 38. Qxd7+ Kf6 39. Qd8+ Kf5 40.
Qf8+ Nf6 41. Rh6 Qg2+ 42. Ka3 Qg5 43. Rh1 Qf4 44. Qxc5 Ng4 45. Qxa5 Qf3 46. Re1
Qd3 47. Qc5 Kf4 48. a5 e4 49. a6 e3 50. a7 Qd8 51. Rf1+ Kg3 52. Rf8 Qd1 53.
a8=Q e5 54. Rg8 Qc1+ 55. Ka4 e2 56. Qxe5+ Kf2 57. Rxg4 1-0

[Event "First Saturday 2010 junius IM-A"]
[Site "Budapest"]
[Date "2010.06.08"]
[Round "4"]
[White "Tavoularis, Nicholas"]
[Black "Szalanczy, Emil"]
[Result "0-1"]
[WhiteElo "2130"]
[BlackElo "2277"]
[PlyCount "92"]
[EventDate "2010.06.05"]

1. e4 c5 2. a3 a5 3. Nc3 Nc6 4. f4 g6 5. Nf3 Bg7 6. Bb5 Nh6 7. d3 O-O 8. O-O
Nd4 9. Bc4 d6 10. Nxd4 cxd4 11. Ne2 e6 12. Ng3 d5 13. exd5 exd5 14. Bb3 a4 15.
Ba2 Ng4 16. Qf3 Ra5 17. h3 Ne3 18. Rf2 Re8 19. Nf1 Rb5 20. Nxe3 dxe3 21. Bxe3
Rxb2 22. Bxd5 b5 23. Rd1 Bc3 24. Kh2 h5 25. Be4 Qd6 26. g3 f5 27. Bd5+ Kg7 28.
Bc1 Rb1 29. Bd2 Bxd2 30. Rxb1 Re3 31. Qg2 Be1 32. Rf3 Re7 33. c4 Bd7 34. Qb2+
Kh7 35. Rf1 Ba5 36. Rf2 h4 37. gxh4 Be1 38. h5 g5 39. Rxe1 Rxe1 40. Qb4 Qxb4
41. axb4 gxf4 42. cxb5 Bxb5 43. Bc4 Bxc4 44. dxc4 a3 45. Ra2 Re3 46. b5 Rb3 0-1

[Event "First Saturday 2010 junius IM-A"]
[Site "Budapest"]
[Date "2010.06.08"]
[Round "4"]
[White "Antipov, Mikhail A"]
[Black "Kett, Tim"]
[Result "1/2-1/2"]
[WhiteElo "2237"]
[BlackElo "2223"]
[PlyCount "82"]
[EventDate "2010.06.05"]

1. e4 e5 2. Bc4 Nf6 3. d3 Nc6 4. Nf3 Be7 5. O-O d6 6. c3 O-O 7. Bb3 Na5 8. Bc2
c5 9. Nbd2 Re8 10. Re1 Bf8 11. Nf1 h6 12. Ng3 Qc7 13. b4 cxb4 14. cxb4 Nc6 15.
a3 Bg4 16. Bb2 a5 17. b5 Nd4 18. Bxd4 exd4 19. Ba4 Qb6 20. h3 Be6 21. Ne2 d5
22. e5 Nd7 23. Qb1 Bc5 24. Qb2 Bf5 25. Nf4 Be6 26. Qa2 Rad8 27. Rab1 g5 28.
Nxe6 fxe6 29. h4 gxh4 30. Nxh4 Kh7 31. g3 Rg8 32. Kg2 Rdf8 33. Bd1 Qd8 34. Kh2
Qg5 35. Nf3 Qf5 36. Ra1 Rf7 37. Kg2 Nf8 38. Qd2 Ng6 39. Rh1 Nf4+ 40. Kg1 Nh3+
41. Kg2 Nf4+ 1/2-1/2

[Event "First Saturday 2010 junius IM-A"]
[Site "Budapest"]
[Date "2010.06.08"]
[Round "4"]
[White "Lengyel, Bela"]
[Black "Njili, Kamel"]
[Result "1-0"]
[WhiteElo "2266"]
[BlackElo "2247"]
[PlyCount "129"]
[EventDate "2010.06.05"]

1. e4 c5 2. Nf3 d6 3. d4 cxd4 4. Nxd4 Nf6 5. Nc3 a6 6. Be2 Nbd7 7. a4 Nc5 8.
Bf3 e6 9. O-O Qc7 10. Re1 Be7 11. a5 O-O 12. g4 Ne8 13. Bg2 g6 14. Bh6 Ng7 15.
h3 Rb8 16. Qd2 b6 17. axb6 Qxb6 18. Be3 Qc7 19. Ra2 Bb7 20. Bh6 Rfc8 21. Qe3
Nd7 22. Rd1 Ne5 23. Qg3 Nc4 24. Bc1 Qd8 25. Qd3 e5 26. Nde2 Ne6 27. b3 Nb6 28.
Nd5 Nxd5 29. exd5 Nc5 30. Qe3 Qf8 31. f4 exf4 32. Qxf4 Nd7 33. Nd4 Ne5 34. c4
Qg7 35. g5 Re8 36. Kh1 Bc8 37. Qg3 f6 38. gxf6 Qxf6 39. Ne6 Qh4 40. Qxh4 Bxh4
41. c5 Nf7 42. Bf4 Rxb3 43. cxd6 Bg3 44. d7 Bxd7 45. Nc5 Bxf4 46. Nxb3 Re3 47.
Nd4 Bxh3 48. Rxa6 Bxg2+ 49. Kxg2 Rg3+ 50. Kf1 Bd6 51. Ne6 h5 52. Rb1 Rf3+ 53.
Ke2 Rf5 54. Rb7 h4 55. Ra8+ Kh7 56. Ng5+ Kg7 57. Raa7 Re5+ 58. Kf3 Rf5+ 59. Ke4
Rxg5 60. Rxf7+ Kg8 61. Rg7+ Kf8 62. Rgd7 Re5+ 63. Kd4 Re7 64. Ra8+ Kg7 65. Rxd6
1-0

[Event "First Saturday 2010 junius IM-A"]
[Site "Budapest"]
[Date "2010.06.08"]
[Round "4"]
[White "Rooze, Jan"]
[Black "Brustkern, Juergen"]
[Result "1-0"]
[WhiteElo "2338"]
[BlackElo "2256"]
[PlyCount "67"]
[EventDate "2010.06.05"]

1. e4 g6 2. d4 Bg7 3. Nc3 d6 4. Be3 a6 5. Qd2 Nd7 6. h4 h5 7. Nh3 b5 8. Ng5 Bb7
9. a4 b4 10. Bc4 e6 11. Ne2 a5 12. f4 Ngf6 13. f5 d5 14. fxe6 dxc4 15. exf7+
Ke7 16. Nf4 Nxe4 17. Qe2 Nxg5 18. Nxg6+ Kxf7 19. Bxg5 Qe8 20. Nxh8+ Bxh8 21.
O-O+ Kg6 22. Qxc4 Nb6 23. Qd3+ Be4 24. Qg3 Qd7 25. c3 Nd5 26. Rae1 Bf5 27. Bd2+
Kh7 28. Qg5 Bg4 29. c4 Bxd4+ 30. Kh1 Bf6 31. Rxf6 Nxf6 32. Qxf6 Re8 33. Qh6+
Kg8 34. Qg6+ 1-0

[Event "First Saturday 2010 junius IM-A"]
[Site "Budapest"]
[Date "2010.06.09"]
[Round "5"]
[White "Brustkern, Juergen"]
[Black "Tavoularis, Nicholas"]
[Result "0-1"]
[WhiteElo "2256"]
[BlackElo "2130"]
[PlyCount "90"]
[EventDate "2010.06.05"]

1. d4 f5 2. c4 Nf6 3. Nc3 g6 4. h4 d6 5. Bg5 Bg7 6. Qc2 c6 7. O-O-O Qa5 8. e3
Bd7 9. Nf3 Na6 10. Be2 Nb4 11. Qb3 O-O-O 12. a3 Na6 13. h5 gxh5 14. Bxf6 Bxf6
15. Rxh5 Be8 16. Rhh1 Bg6 17. Nh4 e5 18. f4 exd4 19. exd4 Rde8 20. Bf3 Nc7 21.
Nxg6 hxg6 22. Rxh8 Rxh8 23. d5 c5 24. Re1 a6 25. Qc2 b5 26. Be2 Re8 27. Kd1 b4
28. Nb1 bxa3 29. Nxa3 Qb4 30. Rh1 Bxb2 31. Nb1 Rh8 32. Rxh8+ Bxh8 33. g4 fxg4
34. Bxg4+ Kb7 35. Be2 a5 36. Qxg6 a4 37. Qc2 Bb2 38. f5 a3 39. Nxa3 Qxa3 40.
Bd3 Qc3 41. Ke2 Qxc2+ 42. Bxc2 Ne8 43. Kf3 Nf6 44. Ba4 Kb6 45. Bb5 Nxd5 0-1

[Event "First Saturday 2010 junius IM-A"]
[Site "Budapest"]
[Date "2010.06.09"]
[Round "5"]
[White "Njili, Kamel"]
[Black "Rooze, Jan"]
[Result "0-1"]
[WhiteElo "2247"]
[BlackElo "2338"]
[PlyCount "114"]
[EventDate "2010.06.05"]

1. e4 c5 2. Nf3 e6 3. Nc3 Nc6 4. Bb5 Nd4 5. O-O a6 6. Bd3 Ne7 7. Re1 Nec6 8.
Bf1 Be7 9. d3 O-O 10. Nb1 Nxf3+ 11. Qxf3 b5 12. c3 Bb7 13. Na3 Rc8 14. Nc2 f5
15. exf5 Rxf5 16. Qh3 Qf8 17. Be3 Qf7 18. d4 Rf8 19. Bd3 Rh5 20. Qg4 cxd4 21.
cxd4 Bd6 22. h3 Ne7 23. Be4 Nd5 24. Bxd5 Bxd5 25. b3 Rf5 26. Re2 Rf6 27. Qh4
Rg6 28. f4 Bxf4 29. Bxf4 Qxf4 30. Qxf4 Rxf4 31. Rf1 Rgf6 32. Rxf4 Rxf4 33. Rd2
Kf8 34. Ne3 Bb7 35. b4 Ke7 36. a3 Kd6 37. Rd1 Bd5 38. Rd3 Bc4 39. Rd2 Bb3 40.
Rd3 Bc4 41. Rd2 Ke7 42. Rd1 d6 43. Rd2 h5 44. Rd1 Kd7 45. Rd2 Kc6 46. Rd1 g5
47. Rd2 Kc7 48. d5 e5 49. Rf2 Kb6 50. Rd2 Rd4 51. Rxd4 exd4 52. Nf5 d3 53. Ne3
d2 54. Kf2 Kb7 55. g4 hxg4 56. hxg4 Kc7 57. Kf3 Kd7 0-1

[Event "First Saturday 2010 junius IM-A"]
[Site "Budapest"]
[Date "2010.06.09"]
[Round "5"]
[White "Kahn, Evart dr"]
[Black "Lengyel, Bela"]
[Result "1/2-1/2"]
[WhiteElo "2247"]
[BlackElo "2266"]
[PlyCount "32"]
[EventDate "2010.06.05"]

1. d4 Nf6 2. c4 e6 3. Nc3 Bb4 4. e3 c5 5. Nf3 d5 6. Bd3 O-O 7. O-O Nc6 8. a3
Bxc3 9. bxc3 dxc4 10. Bxc4 Qc7 11. Bd3 e5 12. Qc2 Bg4 13. Nxe5 Nxe5 14. dxe5
Qxe5 15. f3 Bd7 16. e4 b5 1/2-1/2

[Event "First Saturday 2010 junius IM-A"]
[Site "Budapest"]
[Date "2010.06.09"]
[Round "5"]
[White "Gretarsson, Hjorvar S"]
[Black "Szeberenyi, Adam"]
[Result "0-1"]
[WhiteElo "2394"]
[BlackElo "2308"]
[PlyCount "116"]
[EventDate "2010.06.05"]

1. d4 Nf6 2. c4 e6 3. Nf3 c5 4. d5 b5 5. Nc3 b4 6. Na4 exd5 7. cxd5 d6 8. e3
Be7 9. b3 O-O 10. Bd3 Nbd7 11. e4 Nb6 12. Nxb6 axb6 13. O-O Ba6 14. Bb2 Nd7 15.
e5 Nxe5 16. Nxe5 dxe5 17. Bxe5 Bf6 18. f4 Re8 19. Bxa6 Rxa6 20. Qd3 Bxe5 21.
fxe5 Ra7 22. Rfe1 Rae7 23. d6 Rxe5 24. Rxe5 Rxe5 25. d7 g6 26. Rd1 Re6 27. Qd5
Kf8 28. h4 h6 29. Qd2 Kg7 30. Qf4 Re7 31. Qd6 Re6 32. Qd2 Re4 33. Qb2+ Kg8 34.
a3 Rd4 35. Rxd4 cxd4 36. Qxd4 bxa3 37. h5 g5 38. b4 a2 39. b5 a1=Q+ 40. Qxa1
Qxd7 41. Qa8+ Kg7 42. Qc6 Qd4+ 43. Kh2 Qe5+ 44. Kh1 g4 45. Kg1 g3 46. Kf1 Qxh5
47. Qc3+ Kh7 48. Qxg3 Qxb5+ 49. Kg1 Qf5 50. Qb3 b5 51. Qb4 Qd5 52. Qb1+ Kg8 53.
Qb4 Qc4 54. Qd6 Kh7 55. Qf6 b4 56. Qf5+ Kg8 57. Qf6 b3 58. Qxh6 Qc5+ 0-1

[Event "First Saturday 2010 junius IM-A"]
[Site "Budapest"]
[Date "2010.06.09"]
[Round "5"]
[White "Kett, Tim"]
[Black "Iwamoto, Takashi"]
[Result "1-0"]
[WhiteElo "2223"]
[BlackElo "2268"]
[PlyCount "55"]
[EventDate "2010.06.05"]

1. e4 e5 2. Nf3 Nc6 3. Bb5 a6 4. Ba4 Nf6 5. O-O Be7 6. Re1 b5 7. Bb3 d6 8. c3
Na5 9. Bc2 c5 10. d4 Qc7 11. d5 c4 12. Nbd2 O-O 13. Nf1 Nb7 14. h3 Bd7 15. Bd2
Rfc8 16. Qe2 Bd8 17. N3h2 Nc5 18. f4 Qa7 19. Kh1 Bb6 20. Ng3 Na4 21. Rf1 Nxb2
22. fxe5 dxe5 23. Rxf6 gxf6 24. Nh5 Kf8 25. Qf3 f5 26. Qg3 Qb8 27. Qg7+ Ke7 28.
Bg5+ 1-0

[Event "First Saturday 2010 junius IM-A"]
[Site "Budapest"]
[Date "2010.06.09"]
[Round "5"]
[White "Szalanczy, Emil"]
[Black "Antipov, Mikhail A"]
[Result "0-1"]
[WhiteElo "2277"]
[BlackElo "2237"]
[PlyCount "114"]
[EventDate "2010.06.05"]

1. e4 c5 2. Nf3 d6 3. d4 cxd4 4. Nxd4 Nf6 5. Nc3 g6 6. Be3 Bg7 7. f3 O-O 8. Qd2
Nc6 9. Bc4 Bd7 10. h4 Qa5 11. h5 Nxh5 12. O-O-O Nxd4 13. Bxd4 Bxd4 14. Qxd4
Qg5+ 15. Kb1 Bc6 16. Bb3 a6 17. Rh2 Qe5 18. Qg1 Kg7 19. Rh4 e6 20. a4 Rad8 21.
Qh1 Rh8 22. Qh3 b5 23. axb5 axb5 24. Na2 d5 25. f4 Qxe4 26. Rxh5 gxh5 27. Qg3+
Kf8 28. Re1 Qd4 29. f5 e5 30. Qg5 Rd6 31. f6 Rg8 32. Qh6+ Ke8 33. Qxh7 Rg6 34.
Qxh5 Rgxf6 35. c3 Qf4 36. Qh8+ Kd7 37. Nb4 Qf5+ 38. Bc2 e4 39. Qb8 Qf2 40. Rd1
Qc5 41. Na6 Qf2 42. g4 e3 43. Nc5+ Ke7 44. g5 Rfe6 45. Rh1 Be8 46. Nd3 Qg2 47.
Rh8 Rd8 48. Qc7+ Rd7 49. Qc5+ Rdd6 50. Ne5 Qg1+ 51. Ka2 Qxg5 52. Qc7+ Kf6 53.
Nf3 Qf4 54. Qc5 Qc4+ 55. Qxc4 dxc4 56. Rh4 Bc6 57. Rh6+ Ke7 0-1

[Event "First Saturday 2010 junius IM-A"]
[Site "Budapest"]
[Date "2010.06.10"]
[Round "6"]
[White "Tavoularis, Nicholas"]
[Black "Antipov, Mikhail A"]
[Result "0-1"]
[WhiteElo "2130"]
[BlackElo "2237"]
[PlyCount "90"]
[EventDate "2010.06.05"]

1. e4 c5 2. a3 g6 3. b4 Bg7 4. Nc3 b6 5. Rb1 Nc6 6. g3 d6 7. Bg2 e5 8. d3 Nge7
9. Be3 O-O 10. Qd2 Nd4 11. Nd1 Bb7 12. c3 Ndf5 13. Ne2 Nxe3 14. Nxe3 Qd7 15. c4
f5 16. f3 fxe4 17. dxe4 Bh6 18. Qd3 Bxe3 19. Qxe3 Nc6 20. O-O Nd4 21. Nxd4 cxd4
22. Qh6 Qg7 23. Qd2 Rac8 24. Bh3 Rc7 25. Be6+ Kh8 26. Qd3 Qf6 27. Bd5 Bxd5 28.
exd5 Qf5 29. Qb3 b5 30. cxb5 Rc3 31. Qd1 Rxa3 32. f4 Rd3 33. Qe2 Re3 34. Qd2
Qe4 35. Qg2 exf4 36. Qxe4 Rxe4 37. gxf4 Rfxf4 38. Rxf4 Rxf4 39. Re1 d3 40. Rd1
Rxb4 41. Rxd3 Rxb5 42. Kg2 a5 43. Kf2 Kg7 44. Ke3 a4 45. Kd4 Rb4+ 0-1

[Event "First Saturday 2010 junius IM-A"]
[Site "Budapest"]
[Date "2010.06.10"]
[Round "6"]
[White "Iwamoto, Takashi"]
[Black "Szalanczy, Emil"]
[Result "1-0"]
[WhiteElo "2268"]
[BlackElo "2277"]
[PlyCount "77"]
[EventDate "2010.06.05"]

1. Nf3 c5 2. c4 g6 3. g3 Bg7 4. Bg2 Nc6 5. O-O Nf6 6. Nc3 O-O 7. d4 cxd4 8.
Nxd4 Ng4 9. e3 d6 10. Nde2 Nge5 11. b3 Bf5 12. Nd4 Bg4 13. f3 Bd7 14. Nxc6 bxc6
15. Bb2 Rb8 16. Qe2 Qb6 17. Kh1 Be6 18. Rab1 Qa6 19. Rfc1 Rb4 20. Bf1 Rfb8 21.
c5 Qa5 22. cxd6 exd6 23. e4 h5 24. Bg2 c5 25. f4 Nc6 26. f5 Nd4 27. Qd1 Bd7 28.
Nd5 Qxa2 29. Nxb4 Rxb4 30. fxg6 fxg6 31. Bc3 Rb8 32. Ra1 Qf2 33. Rxa7 Bg4 34.
Qf1 Rf8 35. Qc4+ Kh8 36. Rf1 Qe3 37. Rxf8+ Bxf8 38. Qf7 Qh6 39. Ra8 1-0